Central Library OPAC University of Rajshahi

A treatise on hydromechanics / (Record no. 8762)

MARC details
000 -LEADER
fixed length control field 00856nam a2200253 a 4500
001 - CONTROL NUMBER
control field 8762
003 - CONTROL NUMBER IDENTIFIER
rucl marc code BD-RjUL
005 - DATE AND TIME OF LATEST TRANSACTION
control field 20211208234639.0
008 - FIXED-LENGTH DATA ELEMENTS--GENERAL INFORMATION
fixed length control field 140119r19621925enk 000 0 eng d
035 ## - SYSTEM CONTROL NUMBER
System control number (BD-RjUL) 8807
-- CURL 05KC00008886(Lon) from sempc432
040 ## - CATALOGING SOURCE
Original cataloging agency BD-RjUL
Language of cataloging eng
Transcribing agency BD-RjUL
Modifying agency BD-RjUL
041 ## - LANGUAGE CODE
Language code of text/sound track or separate title eng
082 04 - DEWEY DECIMAL CLASSIFICATION NUMBER
Edition number 19
Classification number 532.2
Author mark and year BET 1962
100 1# - MAIN ENTRY--PERSONAL NAME
Personal name Besant, W. H.
Fuller form of name (William Henry),
Dates associated with a name 1828-1917
9 (RLIN) 27247
245 12 - TITLE STATEMENT
Title A treatise on hydromechanics /
Statement of responsibility, etc. by W.H. Besant and A.S. Ramsey
250 ## - EDITION STATEMENT
Edition statement revised edition
260 ## - PUBLICATION, DISTRIBUTION, ETC. (IMPRINT)
Place of publication, distribution, etc. London :
Name of publisher, distributor, etc. G Bell and Sons Ltd,
Date of publication, distribution, etc. 1925 [Reprinted 1949,1962].
300 ## - PHYSICAL DESCRIPTION
Pagination pt. :
Illustrations ill. ;
Size 22 cm.
504 ## - BIBLIOGRAPHY, ETC. NOTE
Bibliography, etc Includes index.
505 ## - FORMATTED CONTENTS NOTE
Formatted contents note Pt-1 hydrostatics -- Pt. 2. Hydrodynamics,
650 #0 - SUBJECT ADDED ENTRY--TOPICAL TERM
Topical term or geographic name as entry element Hydrodynamics
9 (RLIN) 20355
700 1# - ADDED ENTRY--PERSONAL NAME
Personal name Ramsey, A. S.
Fuller form of name (Arthur Stanley),
Dates associated with a name 1867-1954
942 ## - ADDED ENTRY ELEMENTS (KOHA)
Source of classification or shelving scheme Dewey Decimal Classification
Koha item type Books
Holdings
Lost status Source of classification or shelving scheme Damaged status Not for loan Collection code Permanent Location Current Location Shelving location Date acquired Source of acquisition Total Checkouts Full call number Date last seen Copy number Koha item type Cost, normal purchase price
  Dewey Decimal Classification     Non-fiction Central Library, University of Rajshahi Central Library, University of Rajshahi   15/02/1965 British council .   532.2 BET Pt-1 1962 19/01/2014 C-2 Books  
  Dewey Decimal Classification   Not For Loan Non-fiction Central Library, University of Rajshahi Central Library, University of Rajshahi Reading Room 22/09/1964 Australia   532.2 BET Pt-2 1947 23/05/2017 C-1 Books  
  Dewey Decimal Classification     Non-fiction Central Library, University of Rajshahi Central Library, University of Rajshahi   24/02/1955 Mullick Brother   532.2 BET Pt-2 1949 16/09/2021 C-2 Books 15.10
  Dewey Decimal Classification     Non-fiction Central Library, University of Rajshahi Central Library, University of Rajshahi General Stacks 04/03/1963 British council   532.2 BET pt-1 1962 23/08/2022 C-3 Books